000 00674nam a2200205 a 4500
001 BRCA_3776
005 20190320204424.0
008 071109s1831----u--#---###---#000-0#spa-#
041 _aspa
044 _au
050 4 _aF1232
_b.G66 1831
100 1 _aGómez Pedraza, Manuel
_d1789-1851.
_99846
245 1 0 _aManifiesto, que Manuel Gómez Pedraza, ciudadano de la república de Mejico, dedica a sus compatriotas; osea una reseña de su vida pública
_cManuel Gómez Pedraza.
260 _aNueva-Orleans, Louisiana
_bB. Levy
_c1831
300 _a129 p.
_bil.
_c24 cm.
500 _aB135.
651 4 _aMéxico
_xHistoria
_y1821-1861.
_9618
902 _aGFM
942 _2lcc
_cB
999 _c3505
_d3505